| 000 | 00489nam a2200193 4500 | ||
|---|---|---|---|
| 003 | OSt | ||
| 005 | 20240715014313.0 | ||
| 006 | a | ||
| 008 | 240715b |||||||| |||| 00| 0 eng d | ||
| 020 | _a9715048145 | ||
| 040 |
_aDWCL-Main lib. _cOC |
||
| 082 | _aFil. 220 Oh36b 1997 | ||
| 100 | _aJoseph O’Hanlan | ||
| 245 | _aBeginning the Bible / | ||
| 260 |
_aManila : _bSt. Pauls, _cc1997. |
||
| 300 |
_axii, _b90 p. ; _c21 cm. |
||
| 650 | _a1. Bible. | ||
| 942 |
_2ddc _n0 _cBK - FIL _kFil. |
||
| 999 |
_c2148 _d2148 |
||